000 00727nam a22002177a 4500
003 UA-OsUOA
001 73441
007 ta
008 20110301b un ||||| |||| 00| 0 ukr d
100 _aПавлів І.
090 _a82
_bП12
942 _cSA
040 _aUA-OsUOA
_bukr
_cUA-OsUOA
_dUA-OsUOA
245 _a"Бояриня" Лесі Українки: трагедія рідного краю на тлі родинного життя героїв (Урок-відкриття у 10 класі філологічного профілю)
300 _aС.5-13
955 _a0
041 _aukr
080 _a82
773 0 _w73438
650 7 _a82 Література. Літературознавство
_2UDC
999 _c359724
_d359724